Wszystkie ośmiotysięczniki świata - Statystyki

Ogólne statystyki
  • Ten quiz został rozwiązany 114 razy
  • Średni wynik to 10 z 14
Statystyki odpowiedzi
Wysokość (m.n.p.m.) Odpowiedź % Poprawnych
8848 Mount Everest
98%
8611 K2
97%
8047 Broad Peak
75%
8516 Lhotse
73%
8586 Kanczendzonga
71%
8463 / 8485 Makalu
69%
8156 Manaslu
68%
8126 Nanga Parbat
68%
8188 / 8201 Czo Oju
61%
8068 / 8080 Gaszerbrum I
61%
8035 Gaszerbrum II
61%
8013 Sziszapangma
61%
8167 Dhaulagiri
53%
8091 Annapurna I
47%
Nie znaleziono quizów pasujących do podanych kryteriów
Rozkład punktacji
Procent ludzi z każdym wynikiem
Percentyl według liczby udzielonych odpowiedzi
Twoja historia wyników
Nie rozwiązałeś tego quizu